Państwa świata w rodzaju żeńskim - Statystyki

Ogólne statystyki
  • Ten quiz został rozwiązany 242 razy
  • Średni wynik to 60 z 100
Statystyki odpowiedzi
Państwo % Poprawnych
Polska
98%
Rosja
89%
Hiszpania
85%
Portugalia
84%
Finlandia
82%
Francja
82%
Szwecja
81%
Ukraina
81%
Kanada
80%
Litwa
80%
Norwegia
80%
Australia
79%
Estonia
79%
Łotwa
79%
Japonia
78%
Argentyna
76%
Islandia
75%
Andora
74%
Austria
74%
Brazylia
74%
Dania
74%
Algieria
73%
Rumunia
73%
Słowacja
73%
Albania
72%
Wielka Brytania
72%
Irlandia
71%
Belgia
70%
Bułgaria
70%
Grecja
70%
Holandia
70%
Korea Północna
70%
Korea Południowa
70%
Serbia
70%
Słowenia
70%
Angola
66%
Chorwacja
66%
Turcja
66%
Arabia Saudyjska
65%
Indonezja
65%
Kolumbia
65%
Armenia
64%
Dominika
64%
Libia
63%
Dominikana
62%
Mołdawia
61%
Nowa Zelandia
61%
Republika Południowej Afryki
61%
Bośnia i Hercegowina
60%
Tajlandia
60%
Wenezuela
60%
Gruzja
59%
Gwinea
59%
Szwajcaria
59%
Panama
58%
Boliwia
57%
Czarnogóra
57%
Macedonia Północna
57%
Etiopia
56%
Kenia
56%
Malezja
56%
Kuba
55%
Nigeria
53%
Mongolia
52%
Somalia
52%
Zambia
52%
Gwinea Równikowa
51%
Kostaryka
51%
Malta
51%
Tunezja
51%
Antigua i Barbuda
50%
Gujana
49%
Gwatemala
49%
Jamajka
49%
Jordania
49%
Nikaragua
49%
Botswana
48%
Gambia
47%
Kambodża
46%
Mjanma
46%
Namibia
46%
Erytrea
45%
Gwinea Bissau
45%
Republika Środkowoafrykańska
45%
Tanzania
44%
Uganda
44%
Liberia
43%
Mauretania
43%
Syria
43%
Ghana
42%
Papua-Nowa Gwinea
42%
Rwanda
42%
Białoruś
40%
Demokratyczna Republika Konga
39%
Sri Lanka
38%
Grenada
36%
Mikronezja
36%
Republika Zielonego Przylądka
35%
Saint Lucia
35%
Burkina Faso
24%
Nie znaleziono quizów pasujących do podanych kryteriów
Rozkład punktacji
Procent ludzi z każdym wynikiem
Percentyl według liczby udzielonych odpowiedzi
Twoja historia wyników
Nie rozwiązałeś tego quizu